Rebelión en la granja

Novela corta sátira que narra la historia de los animales de una granja que tras una revolución, logran arrebatarle el lugar al granjero y echarlo de allí. Es aquí donde los animales inician a vivir bajo varias reglas que fomentan la igualdad entre estos en la granja, pero lentamente esta sociedad u...

Descrizione completa

Salvato in:
Dettagli Bibliografici
Autore principale: Orwell, George
Natura: Libro
Lingua:Undetermined
Pubblicazione: Barcelona, España Destino 1980
Soggetti:
Tags: Aggiungi Tag
Nessun Tag, puoi essere il primo ad aggiungerne!!

MARC

LEADER 00000nam a2200000Ia 4500
008 170316s9999 xx 000 0 und d
040 |a cru BVZT 
090 |a 820 O-2r 
100 |a Orwell, George 
245 |a Rebelión en la granja 
260 |a Barcelona, España 
260 |b Destino 
260 |c 1980 
300 |a 181 páginas 
520 |a Novela corta sátira que narra la historia de los animales de una granja que tras una revolución, logran arrebatarle el lugar al granjero y echarlo de allí. Es aquí donde los animales inician a vivir bajo varias reglas que fomentan la igualdad entre estos en la granja, pero lentamente esta sociedad utópica se ve afectada por los propios deseos egoístas de sus líderes. Esta novela toca temas sobre el socialismo y se encuentra en español. 
650 |a LITERATURA INGLESA  |9 12 
650 |a NOVELA  |9 13 
999 |c 7042  |d 7042 
942 |c 15 D  |h 820 O-2r  |2 z